Statistics for Countries by Largest City- By Continent- Europe

Click here to take the quiz!

General Stats

  • This quiz has been taken 26 times
  • The average score is 41 of 45

Answers on the Map

Answers color-coded by a green-red scale on the quiz's map according to % correct below.
 

Answer Stats

CountryLargest city% Correct
GreeceAthens
100%
GermanyBerlin
100%
BelgiumBrussels
100%
IrelandDublin
100%
FinlandHelsinki
100%
LuxembourgLuxembourg
100%
FranceParis
100%
LatviaRiga
100%
ItalyRome
100%
EstoniaTallinn
100%
AustriaVienna
100%
LithuaniaVilnius
100%
CroatiaZagreb
100%
NetherlandsAmsterdam
96%
AndorraAndorra la Vella
96%
RomaniaBucharest
96%
HungaryBudapest
96%
DenmarkCopenhagen
96%
UkraineKiev
96%
PortugalLisbon
96%
United KingdomLondon
96%
SpainMadrid
96%
BelarusMinsk
96%
MonacoMonaco
96%
RussiaMoscow
96%
NorwayOslo
96%
Czech RepublicPrague
96%
IcelandReykjavik
96%
Bosnia and HerzegovinaSarajevo
96%
BulgariaSofia
96%
SwedenStockholm
96%
AlbaniaTirana
96%
Vatican CityVatican City
96%
PolandWarsaw
96%
SwitzerlandZurich
96%
SerbiaBelgrade
91%
SlovakiaBratislava
91%
KosovoPristina
91%
SloveniaLjubljana
87%
MontenegroPodgorica
87%
North MacedoniaSkopje
87%
MoldovaChisinau
83%
LiechtensteinSchaan
43%
MaltaValleta
30%
San MarinoDogana
4%

Score Distribution

Percentile by Number Answered

Percent of People with Each Score

Your Score History

You have not taken this quiz